[Event "CHI-ch"]
[Site "Santiago de Chile"]
[Date "2004.02.12"]
[Round "4.11"]
[White "Romero, Claudio"]
[Black "Troncoso, Jose"]
[Result "1-0"]
[WhiteElo "2288"]
[BlackElo "2152"]
[PlyCount "93"]
[EventDate "2004.02.09"]
[EventType "swiss"]
[EventRounds "11"]
[EventCountry "CHI"]
[SourceTitle "CBM 098 Extra"]
[Source "ChessBase"]
[SourceDate "2004.03.10"]
[SourceVersion "2"]
[SourceVersionDate "2004.03.10"]
[SourceQuality "1"]

1. d4 Nf6 2. c4 g6 3. Nc3 Bg7 4. e4 d6 5. Be2 Nbd7 6. Nf3 0-0 7. Qc2 c5 8. d5 a6 9. h3 Rb8 10. 0-0 Re8 11. Bf4 Qc7 12. Rad1 h6 13. Bh2 Nh7 14. a4 Nhf8 15. Nd2 g5 16. Bh5 Ne5 17. f4 gxf4 18. Bxf4 Nfg6 19. Be3 Rf8 20. Rf2 Bd7 21. Be2 Kh7 22. Nf1 Rg8 23. Ng3 Bf6 24. Nf5 Nh4 25. Nxh6 Bxh3 26. Nxg8 Rxg8 27. Kh2 Bxg2 28. Rg1 Bf3 29. Rxg8 Kxg8 30. Bxf3 Nhxf3+ 31. Kh1 Qd7 32. Rxf3 Nxf3 33. Qg2+ Kh8 34. Qxf3 Bxc3 35. bxc3 Qxa4 36. Qh5+ Kg8 37. Bh6 Qa1+ 38. Kg2 Qxc3 39. Qg4+ Kh7 40. Bf8 b5 41. Bxe7 Qd2+ 42. Kh3 Qe3+ 43. Kh4 Qe1+ 44. Kg5 Qe3+ 45. Kf6 Qf2+ 46. Qf5+ Qxf5+ 47. exf5 1-0

[Event "CHI-ch "]
[Site "Santiago de Chile"]
[Date "2002.02.15"]
[Round "4"]
[White "Caceres Vasquez, Sergio"]
[Black "Troncoso, Jose"]
[Result "0-1"]
[WhiteElo "2245"]
[BlackElo "2122"]
[PlyCount "102"]
[EventDate "2002.02.12"]
[EventType "swiss"]
[EventRounds "11"]
[EventCountry "CHI"]
[SourceTitle "CBM 086 Extra"]
[Source "ChessBase"]
[SourceDate "2002.03.14"]
[SourceVersion "1"]
[SourceVersionDate "2002.03.14"]
[SourceQuality "1"]

1. d4 Nf6 2. c4 e6 3. Nc3 b6 4. e4 d6 5. Nf3 Bb7 6. Bd3 Nbd7 7. 0-0 e5 8. d5 Be7 9. Rb1 0-0 10. b4 Re8 11. Nd2 Nf8 12. Nb3 Bc8 13. c5 a5 14. cxd6 cxd6 15. bxa5 bxa5 16. a4 Ng6 17. g3 Bh3 18. Re1 Bg4 19. f3 Bd7 20. Bb5 Qc7 21. Bd2 Bd8 22. Bxd7 Qxd7 23. Kg2 h5 24. Nb5 h4 25. Rc1 h3+ 26. Kg1 Ne7 27. Be3 Rf8 28. Qe2 Ne8 29. g4 Kh7 30. Qf1 Rh8 31. Qxh3+ Kg8 32. Qf1 Ng6 33. Rc6 Qe7 34. Rec1 Qf6 35. R1c2 Nh4 36. Rf2 Qg6 37. Kh1 Bg5 38. Bxg5 Qxg5 39. Nxd6 Qf4 40. Nd2 Nf6 41. Rc8+ Rxc8 42. Nxc8 Ng6 43. d6 Qg5 44. Ne7+ Nxe7 45. dxe7 Ne8 46. Qb5 Qxe7 47. Qxa5 Rh6 48. Qb5 Nc7 49. Qc4 Ne6 50. Nf1 Qh4 51. Ng3 Qxg3 0-1

[Event "CHI-ch "]
[Site "Santiago de Chile"]
[Date "2002.02.14"]
[Round "3"]
[White "Troncoso, Jose"]
[Black "Debson, Luis"]
[Result "1-0"]
[WhiteElo "2122"]
[BlackElo "2312"]
[PlyCount "59"]
[EventDate "2002.02.12"]
[EventType "swiss"]
[EventRounds "11"]
[EventCountry "CHI"]
[SourceTitle "CBM 086 Extra"]
[Source "ChessBase"]
[SourceDate "2002.03.14"]
[SourceVersion "1"]
[SourceVersionDate "2002.03.14"]
[SourceQuality "1"]

1. d4 c5 2. d5 e5 3. c4 d6 4. Nc3 Be7 5. e4 Nf6 6. Nf3 Nbd7 7. Bd3 Nf8 8. h3 Ng6 9. Ne2 h5 10. Bd2 h4 11. a3 Nh5 12. Qc1 0-0 13. 0-0 Bd7 14. b4 b6 15. b5 Qc8 16. Kh2 f5 17. Bg5 Bxg5 18. Qxg5 Nhf4 19. Bc2 fxe4 20. Bxe4 Bf5 21. Nc3 Bxh3 22. Nxh4 Nxh4 23. Qxh4 Kf7 24. gxh3 Rh8 25. Bh7 g6 26. Ne4 Kg7 27. Ng5 Qf5 28. Rg1 Raf8 29. Raf1 Rf6 30. Rg4 1-0